Formule 1 (F1) : Quiz sur la saison 2011 - Statistiques

Statistiques générales
  • Ce quiz a été pris 40 fois
  • Le résultat moyen est 10 sur 20
Statistiques - réponses
Question Réponse % Correct
Quel pilote est vainqueur du championnat du monde de formule 1 en 2011 ? Sebastian Vettel
94%
Ce pilote remporte en 2011 son... ...2eme titre de champion du monde
89%
Quel écurie remporte le classement constructeurs en 2011 ? Red Bull Racing
83%
Ou se déroula le premier Grand Prix de la saison 2011 ? Australie
81%
Quel pilote fit ses débuts lors de la saison 2011 ? Sergio Perez
69%
Combien d'écuries composent la grille en 2011 ? 12
58%
Combien y avait-il de Grands Prix lors de la saison 2011 ? 19
56%
Quel pilote remplaça Narain Karthikeyan après le Grand Prix d'Europe chez HRT faisant ainsi ses débuts en Formule 1 ? Daniel Ricciardo
53%
Qui remporta ce premier Grand Prix ? Sebastian Vettel
50%
Combien reste il de Grand Prix lorsque Sebastian Vettel est officiellement champion du monde et ne peux plus être rattrapé par ses concurrents ? 4
47%
Lors de ce premier Grand Prix, quel pilote obtient son premier et unique podium de sa carrière ? Vitaly Petrov
39%
Que s'est il produit pour la première fois de la saison lors du Grand Prix d'Europe ? Aucun abandon
36%
Quel record n'a PAS été battu en 2011 par le pilote champion du monde ? Le plus grand nombre de victoires en une saison
36%
En 2011, lors du Grand Prix du Canada sous la pluie, combien de passage au stand Jenson Button a-t-il faits avant de gagner la course ? 6
33%
Lors de quel Grand Prix, fut-il donc sacré champion du monde ? Grand Prix du Japon
33%
Ou se déroula le dernier Grand Prix de la saison ? Bresil
28%
Combien de pilotes français ont disputés au moins 1 Grand Prix en 2011 ? 0
25%
Quel pilote remporta ce dernier Grand Prix de la saison ? Mark Webber
25%
Combien de point d'avance a-t-il eu sur son dauphin a la fin de la saison ? 122 pts
19%
Qui remporte le Grand Prix de Grande-Bretagne à Silverstone et signe son unique victoire de la saison ? Fernando Alonso
17%
Aucun quiz correspondant
Distribution des résultats
% des personnes avec chaque résultat
Percentile par nombre de réponses
Votre historique - résultats
Vous n’avez pas pris ce quiz